Name the Formula One Drivers by Their Formula One Car - Statistics

General Stats
  • This quiz has been taken 15 times
  • The average score is 15 of 20
Answer Stats
Picture Hint Answer % Correct
Red Bull RB13 Max Verstappen (Red Bull🇳🇱/🇧🇪)
100%
McLaren MCL39 Oscar Piastri (McLaren🇦🇺)
100%
Ferrari SF-25 Charles Leclerc (Scuderia Ferrari🇲🇨)
93%
Aston Martin AMR25 Fernando Alonso (Aston Martin🇪🇸)
93%
Aston Martin AMR25 Lance Stroll (Aston Martin🇨🇦)
93%
McLaren MCL39 Lando Norris (McLaren🇬🇧)
93%
Ferrari SF-25 Lewis Hamilton (Scuderia Ferrari🇬🇧)
93%
Williams FW47 Alexander Albon (Williams🇹🇭/ 🇬🇧)
86%
Williams FW47 Carlos Sainz (Williams🇪🇸)
86%
Mercedes W16 E George Russel (Mercedes Petrnoas🇬🇧)
86%
Alpine A525 Pierre Gasly (Renault🇫🇷)
86%
VCARB 02 chassis Isack Hadjar (Red Bull🇫🇷)
79%
Mercedes W16 Kimi Antonelli (Mercedes Petrnoas🇮🇹)
79%
Honda RB21 Yuki Tsunoda (Red Bull🇯🇵)
79%
Red Bull RB13 Daniel Ricciardo (Red Bull🇦🇺)
71%
Red Bull RB21 Liam Lawson (Red Bull🇦🇺)
71%
Haas VF-25 Esteban Ocon (Haas🇫🇷)
64%
Kick Sauber C45 Gabriel Bortoleto (Renault🇧🇷)
36%
Kick Sauber C45 Nico Hulkenburg (Renault🇩🇪)
29%
Haas VF-25 Oliver Bearman (Haas🇬🇧)
29%
No matching quizzes found
Score Distribution
Percent of People with Each Score
Percentile by Number Answered
Your Score History
You have not taken this quiz